000 00662nam a2200205 a 4500
001 000025104
005 20200930023552.0
008 081218s1996 dr a 000 j spa d
020 _a8440678916
040 _aDO-SdBNP
_bspa
_cBNPHU
100 1 _aAdrian Gilbert
_951494
240 1 0 _aThe Magi
245 1 4 _aLos tres reyes magos /
_cGilbert, Adrian ; traducción Camila Barlles.
260 _aBarcelona :
_bB, S.A.,
_c1996
_fLIBERDÚPLEX
300 _a358 p. :
_bil.,retrs. ;
_c22 cm.
500 _aEl camino de la sabiduría desde los egipcios hasta nuestro días
500 _aIncluye índice
700 1 _aBarlles, Camila
_etr.
_951495
049 _aBNPD
_aBNGR
999 _c24597
_d24597